Football Féminin : Top 10 des meilleures buteuses de la Ldc - Statistiques

Statistiques générales
  • Ce quiz a été pris 62 fois
  • Le résultat moyen est 3 sur 10
Statistiques - réponses
Clubs Joueuses % Correct
3 Lyon Eugénie Le Sommer
83%
1 Stabæk/Turbine Potsdam/Lyon Ada Hegerberg
77%
9 Linköping, Wolfsburg, Chelsea, Bayern München Pernille Harder
32%
6 Montpellier/Lyon Camille Abily
19%
5 Umeå/Tyresö/Rosengård Marta
17%
8 Lyon/Rosengård Lotta Schelin
15%
7 Hibernian/Arsenal Kim Little
11%
2 Turbine Potsdam/Rosengård/Paris Saint-Germain/Wolfsburg Anja Mittag
6%
4 Turbine Potsdam/Frankfurt/Wolfsburg Conny Pohlers
2%
10 Neulengbach Nina Burger
2%
Aucun quiz correspondant
Distribution des résultats
% des personnes avec chaque résultat
Percentile par nombre de réponses
Votre historique - résultats
Vous n’avez pas pris ce quiz